00464nam a22001577a 450000500170000001000150001702000260003203500130005803700180007108200060008910000240009524500830011926000390020227000450024130000200028620151023112150.0 aENG-113949 c250.00a9789350450895 aEN-97481 bDBAD/PUBadpl aS aVijay Prakash Singh aA day in the life of Ghulam Sarwar and other stories /cby Vijay Prakash Singh aCalcutta bWriters Workshop c2014 a162/92, Lake Garden, bCalcutta e700045 a104p.c22cm(Hb)